| 000 | 00410nam a2200145 a 4500 | ||
|---|---|---|---|
| 005 | 20140412111316.0 | ||
| 008 | 001218s19uu xx 00 eng d | ||
| 020 | _a0-86112-826-5 | ||
| 050 |
_aER _bAb1 1992 |
||
| 245 |
_aABC (show baby) / _cillustrated by Lesly Blackman. |
||
| 260 |
_aNewmarket, England : _bBrimax Books Ltd, _c1992. |
||
| 300 | _a1 v. (unp.) ; ill. | ||
| 650 | _aAlphabets | ||
| 999 |
_c104209 _d104209 |
||